000
00321pab a2200145 454500
008
180718b1991 xxu||||| |||| 00| 0 eng d
100
_a
Sinha, B.M.
245
_a
Reviewing press freedom
260
_c
1991
300
_a
15-18
362
_a
15 Jun.
650
_a
Press - India
773
_a
Mainstream
909
_a
16045
999
_c
16045
_d
16045